[Event "GER-ch U10"]
[Site "Oberhof"]
[Date "2012.05.27"]
[Round "2"]
[White "Petrow, Jonas"]
[Black "Schmiederer, Luisa"]
[Result "1-0"]
[WhiteElo "1067"]
[BlackElo "850"]
[PlyCount "33"]
[EventDate "2012.05.27"]
[EventType "swiss"]
[EventRounds "11"]
[EventCountry "GER"]
[SourceTitle "CBM 148 Extra"]
[Source "ChessBase"]
[SourceDate "2012.06.22"]
[SourceVersion "1"]
[SourceVersionDate "2012.06.22"]
[SourceQuality "1"]

1. e4 e5 2. d4 Nc6 3. d5 Nd4 4. c3 Ne6 5. dxe6 fxe6 6. Nf3 d6 7. Bd3 Nf6 8. 0-0 d5 9. Nxe5 dxe4 10. Bc4 Bd6 11. Ng4 e5 12. Nxf6+ gxf6 13. Qh5+ Kd7 14. Qf7+ Kc6 15. Be3 Rg8 16. a4 b6 17. Bd5# 1-0

[Event "GER-ch U10"]
[Site "Oberhof"]
[Date "2012.05.27"]
[Round "1"]
[White "Schmiederer, Luisa"]
[Black "Suvorov, Luca"]
[Result "0-1"]
[WhiteElo "850"]
[BlackElo "1255"]
[PlyCount "74"]
[EventDate "2012.05.27"]
[EventType "swiss"]
[EventRounds "11"]
[EventCountry "GER"]
[SourceTitle "CBM 148 Extra"]
[Source "ChessBase"]
[SourceDate "2012.06.22"]
[SourceVersion "1"]
[SourceVersionDate "2012.06.22"]
[SourceQuality "1"]

1. e4 Nc6 2. Nf3 d6 3. Nc3 Bg4 4. Be2 Nf6 5. h3 Bh5 6. g4 Bg6 7. Rg1 Nxe4 8. Nxe4 Bxe4 9. d3 Bg6 10. h4 h5 11. gxh5 Bxh5 12. Be3 Bxf3 13. Bxf3 Rxh4 14. c3 g6 15. Qb3 Rb8 16. Bd5 e6 17. Bg5 Be7 18. Bxh4 Bxh4 19. Bf3 Ne5 20. Be2 Qf6 21. 0-0-0 Qxf2 22. Bg4 Qf4+ 23. Kb1 Nxg4 24. Rh1 Nf2 25. Rhf1 Qe3 26. Qa4+ Ke7 27. Qxh4+ g5 28. Qxf2 Qxf2 29. Rxf2 g4 30. Rf4 f5 31. Rh1 Kf6 32. Rh6+ Kg5 33. Rxe6 Kxf4 34. Kc2 g3 35. Re1 g2 36. Rg1 Kg3 37. Rxg2+ Kxg2 0-1